| 000 | 00926nam a2200157Ia 4500 | ||
|---|---|---|---|
| 005 | 20240718070845.0 | ||
| 008 | 240331s9999 xx 000 0 und d | ||
| 020 | _a9559263009 | ||
| 082 |
_a200.9 _bSAV |
||
| 100 | _aSaverj, N.M. | ||
| 245 | 2 |
_aA Catholic - Hindu encouter : _brelations between Roman Catholics and Hindus in Jaffna Sri Lanka ,1900-1926 |
|
| 260 |
_aJaffna _bCentre For Performing Arts _c |
||
| 300 | _aiv, 347 p ., | ||
| 500 | _aThis book on an Important theme is a solid contribution to the social history of the Tamil peoples in the Jaffna peninsula. the author has demonstrated a highly commendable understanding of two major religions. The study is written in lucid and eminently readable style and arrests the eager attention of the reader. Books on modern Jaffna are few. and Dr. Saveri's study is an invaluable contribution to our knowledge of the more recent past in northernmost Sri Lanka | ||
| 942 | _cL | ||
| 999 |
_c802 _d802 |
||